|
|
|
|
| LEADER |
01966nam a2200433 i 4500 |
| 001 |
EBC1787150 |
| 003 |
MiAaPQ |
| 005 |
20200520144314.0 |
| 006 |
m o d | |
| 007 |
cr cnu|||||||| |
| 008 |
150531t20142014pl a o 000 0 eng d |
| 020 |
|
|
|z 9783110411324
|
| 020 |
|
|
|a 9783110411331
|q (electronic bk.)
|
| 035 |
|
|
|a (MiAaPQ)EBC1787150
|
| 035 |
|
|
|a (Au-PeEL)EBL1787150
|
| 035 |
|
|
|a (CaPaEBR)ebr11054948
|
| 035 |
|
|
|a (OCoLC)939262791
|
| 040 |
|
|
|a MiAaPQ
|b eng
|e rda
|e pn
|c MiAaPQ
|d MiAaPQ
|
| 050 |
|
4 |
|a QP519
|b .F47 2014
|
| 082 |
0 |
|
|a 572.078
|2 23
|
| 100 |
1 |
|
|a Fernandez, Timea,
|e author.
|
| 245 |
1 |
0 |
|a Biochemistry laboratory manual for undergraduates :
|b an inquiry-based approach /
|c Timea Gerczei, Scott Pattison; managing editor, Anna Rulka.
|
| 264 |
|
1 |
|a Warsaw, [Poland] ;
|a Berlin, [Germany] :
|b De Gruyter Open,
|c 2014.
|
| 264 |
|
4 |
|c 2014
|
| 300 |
|
|
|a 1 online resource (186 pages) :
|b illustrations, (some color)
|
| 336 |
|
|
|a text
|2 rdacontent
|
| 337 |
|
|
|a computer
|2 rdamedia
|
| 338 |
|
|
|a online resource
|2 rdacarrier
|
| 588 |
|
|
|a Description based on online resource; title from PDF title page (ebrary, viewed May 29, 2015).
|
| 590 |
|
|
|a Electronic reproduction. Ann Arbor, MI : ProQuest, 2016. Available via World Wide Web. Access may be limited to ProQuest affiliated libraries.
|
| 650 |
|
0 |
|a Biochemistry
|v Laboratory manuals.
|
| 650 |
|
0 |
|a Molecular biology
|v Laboratory manuals.
|
| 650 |
|
0 |
|a Drug resistance in microorganisms
|v Laboratory manuals.
|
| 655 |
|
4 |
|a Electronic books.
|
| 700 |
1 |
|
|a Gerczei Pattison, Scott,
|e author.
|
| 700 |
1 |
|
|a Rulka, Anna,
|e editor.
|
| 776 |
0 |
8 |
|i Print version:
|a Fernandez, Timea.
|t Biochemistry laboratory manual for undergraduates : an inquiry-based approach.
|d Warsaw, [Poland] ; Berlin, [Germany] : De Gruyter Open, c2014
|h vii, 174 pages
|z 9783110411324
|
| 797 |
2 |
|
|a ProQuest (Firm)
|
| 856 |
4 |
0 |
|u https://ebookcentral.proquest.com/lib/matrademy/detail.action?docID=1787150
|z Click to View
|